000 00287nam a2200121Ia 4500
008 240624s9999 xx 000 0 und d
041 _aeng
082 _a650.1 WYN
100 _aWYNN GARRISON
245 _aREAL TRUTH ABOUT SUCCESS
260 _c2010
_aNew Delhi
_bWiley
365 _cRS
_b33
999 _c26028
_d26028